Ilmu sejarah antara tradisi & moden (Record no. 85321)

MARC details
000 -LEADER
fixed length control field 00673nam a2200253 i 4500
001 - CONTROL NUMBER
control field C2-0278365
003 - CONTROL NUMBER IDENTIFIER
control field PPAK
005 - DATE AND TIME OF LATEST TRANSACTION
control field 20180728010030.0
008 - FIXED-LENGTH DATA ELEMENTS--GENERAL INFORMATION
fixed length control field 070319s2007 my |||| ||||| | may d
020 ## - INTERNATIONAL STANDARD BOOK NUMBER
International Standard Book Number 9831952499
040 ## - CATALOGING SOURCE
Original cataloging agency PPAK
Language of cataloging eng
Transcribing agency PPAK
Description conventions rda
082 04 - DEWEY DECIMAL CLASSIFICATION NUMBER
Classification number 900
Edition number 23
090 00 - LOCALLY ASSIGNED LC-TYPE CALL NUMBER (OCLC); LOCAL CALL NUMBER (RLIN)
Classification number (OCLC) (R) ; Classification number, CALL (RLIN) (NR) 900
Feature heading ISH
Feature heading G
Classification number (OCLC) (R) ; Classification number, CALL (RLIN) (NR) 900
Feature heading ISH
Feature heading KMI
100 0# - MAIN ENTRY--PERSONAL NAME
Personal name Ishak Saat,
Relator term author
245 10 - TITLE STATEMENT
Title Ilmu sejarah antara tradisi & moden
264 #1 - PRODUCTION, PUBLICATION, DISTRIBUTION, MANUFACTURE, AND COPYRIGHT NOTICE
Place of production, publication, distribution, manufacture Shah Alam, Selangor :
Name of producer, publisher, distributor, manufacturer Karisma Publications ,
Date of production, publication, distribution, manufacture, or copyright notice 2007
300 ## - PHYSICAL DESCRIPTION
Extent v, 188 pages ;
Dimensions 21 cm
336 ## - CONTENT TYPE
Source rdacontent
Content type term text
337 ## - MEDIA TYPE
Source rdamedia
Media type term unmediated
338 ## - CARRIER TYPE
Source rdacarrier
Carrier type term volume
650 10 - SUBJECT ADDED ENTRY--TOPICAL TERM
Topical term or geographic name entry element History.
942 ## - ADDED ENTRY ELEMENTS (KOHA)
-- dc
Koha item type Book
Holdings
Withdrawn Not for loan Current library Shelving location Date acquired Full call number Barcode Date last seen Koha item type Total Checkouts Date last checked out Total Renewals
  Not For Loan Perpustakaan Alor Setar Koleksi Prof. Dr. Muhammad Isa Othman 02/05/2011 KMI 900 ISH A00382018 09/05/2018 Book      
    Perpustakaan Alor Setar Pinjaman Dewasa 13/06/2007 900 ISH A01175113 06/11/2024 Book 5 27/10/2024  
    Perpustakaan Awam Sungai Petani Pinjaman Dewasa 13/06/2007 900 ISH A01175114 12/07/2020 Book 1 23/06/2020  
    Perpustakaan Baling Pinjaman Dewasa 13/06/2007 900 ISH A01175120 17/02/2025 Book 1 21/01/2025 1
    Perpustakaan Baling Pinjaman Dewasa 13/06/2007 900 ISH A01175123 17/01/2021 Book 2 28/12/2020 1
    Perpustakaan Bandar Baharu Pinjaman Dewasa 13/06/2007 900 ISH A01175121 19/07/2020 Book 2 28/06/2020  
    Perpustakaan Jitra Pinjaman Dewasa 13/06/2007 900 ISH A01175115 09/05/2018 Book      
    Perpustakaan Kulim Pinjaman Dewasa 13/06/2007 900 ISH A01175117 05/01/2022 Book 1 10/04/2021  
    Perpustakaan Langkawi Pinjaman Dewasa 13/06/2007 900 ISH A01175116 09/05/2018 Book      
    Perpustakaan Sik Pinjaman Dewasa 13/06/2007 900 ISH A01175119 09/05/2018 Book      
    Perpustakaan Yan Pinjaman Dewasa 13/06/2007 900 ISH A01175118 09/05/2018 Book